000 00705nam a2200289Ia 4500
005 20260324111654.0
008 008 260324s9999 xx 000 0 eng d
020 _a9781003629269
037 _aEBOOK
040 _aCRL
040 _beng
040 _cCRL
041 _2eng
041 _aeng
084 _qCRL
100 _aAndrew Hopkins
_91139536
245 0 _aBoeing, the 737 MAX Crisis and Aviation Safety
245 4 _bThe Perils of Profit-Driven Engineering
260 _bTaylor and Francis
260 _c2025
365 _a
365 _b240
856 _uhttp://www.taylorfrancis.com/books/9781003629269
942 _cEBOOK
999 _c1728435
_d1728435